| 000 | 00530nam a2200193 4500 | ||
|---|---|---|---|
| 001 | 117914 | ||
| 003 | ES-MaACL | ||
| 005 | 20230906191008.0 | ||
| 007 | t| | ||
| 008 | 070214s1958 sp r ||||1| spa d | ||
| 100 | 1 |
_aPereña, Luciano. _990516 |
|
| 245 | 1 | 1 |
_a¿Colonialismo? / _cLuciano Pereña. |
| 260 |
_aBarcelona : _bEuramerica, _c[1958] |
||
| 300 |
_a160 p. ; _c18 cm. |
||
| 490 | 1 | _aCristianismo y mundo | |
| 830 | 0 |
_aCristianismo y mundo _9182010 |
|
| 852 |
_aES-MaACL _jC-14567 _bR.42398 |
||
| 999 |
_c117914 _d117914 |
||